Giải tích toán học Tập 2
Phép tính tích phân. Tích phân xác định. Chuỗi số. Chuỗi hàm lũy thừa. Chuỗi hàm đa thức...
में बचाया:
| मुख्य लेखक: | |
|---|---|
| अन्य लेखक: | , , |
| स्वरूप: | पुस्तक |
| भाषा: | Vietnamese |
| प्रकाशित: |
H.
Giáo dục
1981
|
| संस्करण: | In lần thứ 3, có chỉnh lý |
| विषय: | |
| टैग : |
टैग जोड़ें
कोई टैग नहीं, इस रिकॉर्ड को टैग करने वाले पहले व्यक्ति बनें!
|
| Thư viện lưu trữ: | Mạng thư viện Đại học Đà Nẵng |
|---|
| LEADER | 01423nam a2200409 4500 | ||
|---|---|---|---|
| 001 | 000008519 | ||
| 003 | 4709 | ||
| 005 | 20111114151109.0 | ||
| 008 | 111019s1981 viesd | ||
| 020 | |c 8.2đ | ||
| 041 | 0 | |a vie | |
| 082 | |b VU-T | ||
| 100 | 0 | |a Vũ Tuấn |e Tác giả | |
| 245 | 1 | 0 | |a Giải tích toán học |c Vũ Tuấn, Phan Đức Thành, Ngô Xuân Sơn |n Tập 2 |
| 250 | |a In lần thứ 3, có chỉnh lý | ||
| 260 | |a H. |b Giáo dục |c 1981 | ||
| 300 | |a 259tr |c 21cm | ||
| 504 | |a Mục lục ở cuối sách | ||
| 520 | |a Phép tính tích phân. Tích phân xác định. Chuỗi số. Chuỗi hàm lũy thừa. Chuỗi hàm đa thức... | ||
| 653 | |a Giáo trình | ||
| 653 | |a Giải tích | ||
| 653 | |a Toán học | ||
| 700 | |a Phan Đức Thành |e Tác giả | ||
| 700 | |a Ngô Xuân Sơn |e Tác giả | ||
| 700 | |a Nguyễn Kim Thư |e Biên tập | ||
| 773 | |t Giải tích toán học |w 4703 | ||
| 910 | |a Thương |d 19/10/2011 | ||
| OWN | |a LSP | ||
| AVA | |a UDN50 |b LSP |d VU-T |e available |t Error 5001 Not defined in file expand_doc_bib_avail. |f 2 |g 0 |h N |i 0 |k 1 | ||
| 999 | |a From the UDN01 | ||
| AVA | |a UDN50 |b LSP |d VU-T |e available |t Error 5001 Not defined in file expand_doc_bib_avail. |f 2 |g 0 |h N |i 0 |k 1 | ||
| TYP | |a Monograph | ||
| TYP | |a Printed language | ||
| 980 | |a Mạng thư viện Đại học Đà Nẵng | ||